LIBRARY & INFORMATION CENTRE, KCAET, TAVANUR

ONLINE PUBLIC ACCESS CATALOGUE (OPAC)

Applied mathematics / (Record no. 9839)

MARC details
000 -LEADER
fixed length control field 00805cam a2200301ua 4500
020 ## - INTERNATIONAL STANDARD BOOK NUMBER
ISBN 0-07-460443-0
041 ## - LANGUAGE CODE
Language code of text/sound track or separate title eng
082 ## - DEWEY DECIMAL CLASSIFICATION NUMBER
Classification number 519
Item number BHA/AP
100 ## - MAIN ENTRY--AUTHOR NAME
Personal name Raghavendra, Bhat N .
245 ## - TITLE STATEMENT
Title Applied mathematics /
250 ## - EDITION STATEMENT
Edition statement 1 /
260 ## - PUBLICATION, DISTRIBUTION, ETC. (IMPRINT)
Place of publication New Delhi :
Name of publisher Tata Mc-Graw Hill Publishing Company ,
Year of publication 1993.
300 ## - PHYSICAL DESCRIPTION
Number of Pages 531 ; .
490 0# - SERIES STATEMENT
Series statement Technical education series,
Volume number/sequential designation
500 ## - GENERAL NOTE
General note 19172, 19173, CSS
700 1# - ADDED ENTRY--PERSONAL NAME
Personal name Mohan Singh, R .
942 ## - ADDED ENTRY ELEMENTS (KOHA)
Koha item type Books
Holdings
Withdrawn status Lost status Damaged status Home library Current library Shelving location Date acquired Full call number Accession Number Koha item type
      KAUAET KAUAET Scheme 07/04/2012 510.1 BHA/AP 19173 Book Bank scheme for SC students
      KAUAET KAUAET   07/04/2012 510.1 BHA/AP 19205 Books
      KAUAET KAUAET   07/04/2012 510.1 BHA/AP 19204 Books
      KAUAET KAUAET Scheme 07/04/2012 510.1 BHA/AP 19175 Book Bank scheme for SC students
      KAUAET KAUAET Scheme 07/04/2012 510.1 BHA/AP 19174 Book Bank scheme for SC students
      KAUAET KAUAET Scheme 07/04/2012 510.1 BHA/AP 19172 Book Bank scheme for SC students
      KAUAET KAUAET   07/04/2012 510.1 BHA/AP 19967 Books
free website counter